Lee Kuan Yew : The man and his ideas
1. The making of a politician; 2. Ideas that made a nation; 3. The man behind the ideas;.....
Shranjeno v:
| Glavni avtor: | |
|---|---|
| Format: | Knjiga |
| Jezik: | Undetermined |
| Izdano: |
Singapore
Singapore Press Holding: Times Editions
1998
|
| Teme: | |
| Oznake: |
Označite
Brez oznak, prvi označite!
|
| Thư viện lưu trữ: | Trung tâm Học liệu Trường Đại học Cần Thơ |
|---|
| LEADER | 00757nam a2200229Ia 4500 | ||
|---|---|---|---|
| 001 | CTU_226613 | ||
| 008 | 210402s9999 xx 000 0 und d | ||
| 082 | |a 959.57092 | ||
| 082 | |b H233 | ||
| 100 | |a Han, Fook Kwang | ||
| 245 | 0 | |a Lee Kuan Yew : | |
| 245 | 4 | |b The man and his ideas | |
| 245 | 0 | |c Han Fook Kwang, Warren Fernandez, Sumiko Tan | |
| 260 | |a Singapore | ||
| 260 | |b Singapore Press Holding: Times Editions | ||
| 260 | |c 1998 | ||
| 520 | |a 1. The making of a politician; 2. Ideas that made a nation; 3. The man behind the ideas;..... | ||
| 650 | |a Thủ tướng,Prime ministers | ||
| 650 | |x Tiểu sử,Biography | ||
| 650 | |z Singapore,Singapore | ||
| 910 | |b nthai | ||
| 980 | |a Trung tâm Học liệu Trường Đại học Cần Thơ | ||